Perspektíva rodinného podnikania v oblasti cestovného ruchu na Slovensku diplomová práca

Guardado en:
Detalles Bibliográficos
Autor principal: Guldanová, Nicole
Autor Corporativo: Obchodná fakulta EU. Katedra služieb a cestovného ruchu - zrušené
Otros Autores: Krošláková, Monika, 1975-
Formato: Libro
Lenguaje:eslovaco
Publicado: Bratislava 2018
Etiquetas: Agregar Etiqueta
Sin Etiquetas, Sea el primero en etiquetar este registro!

MARC

LEADER 00000nbm a2200000 4500
001 0243280
005 20180912102807.2
041 0 |a slo 
044 |a SK 
245 1 0 |a Perspektíva rodinného podnikania v oblasti cestovného ruchu na Slovensku  |b diplomová práca  |c Nicole Guldanová ; školiteľ: Monika Krošláková 
264 1 |a Bratislava  |c 2018 
300 |a 94 s. 
100 1 |a Guldanová, Nicole 
700 1 |a Krošláková, Monika, 1975- 
710 2 |a Obchodná fakulta EU. Katedra služieb a cestovného ruchu - zrušené